[Event "CHN-chT"]
[Site "Liaocheng"]
[Date "2021.10.28"]
[Round "9.2"]
[White "Lou, Yiping"]
[Black "Du, Chunhui"]
[Result "1-0"]
[WhiteElo "2472"]
[BlackElo "2409"]
[PlyCount "57"]
[EventDate "2021.10.20"]
[EventType "team-swiss"]
[EventRounds "9"]
[EventCountry "CHN"]
[SourceTitle "CBM 204 Extra"]
[Source "ChessBase"]
[SourceDate "2021.11.30"]
[SourceVersion "1"]
[SourceVersionDate "2021.11.30"]
[SourceQuality "1"]
[WhiteTeam "Shanghai"]
[BlackTeam "Heilongjiang"]
[WhiteTeamCountry "CHN"]
[BlackTeamCountry "CHN"]

1. d4 Nf6 2. c4 c5 3. d5 e6 4. Nc3 exd5 5. cxd5 d6 6. e4 g6 7. f4 Bg7 8. Bb5+ Nfd7 9. a4 0-0 10. Nf3 a6 11. Bd3 Nf6 12. h3 Re8 13. 0-0 Nbd7 14. Re1 Qc7 15. Be3 c4 16. Bc2 Nc5 17. e5 Nfd7 18. Bd4 b6 19. e6 fxe6 20. Bxg7 Kxg7 21. Qd4+ e5 22. Qxc4 Ne6 23. Qxc7 Nxc7 24. Ne4 exf4 25. Nxd6 Rxe1+ 26. Rxe1 Kf6 27. Nd2 Nf8 28. N2c4 Rb8 29. Ne8+ 1-0

[Event "Vienna op"]
[Site "Vienna"]
[Date "2019.08.19"]
[Round "4"]
[White "Du, Chunhui"]
[Black "Chylewski, Patryk"]
[Result "0-1"]
[WhiteElo "2137"]
[BlackElo "2356"]
[PlyCount "100"]
[EventDate "2019.08.17"]
[EventType "swiss"]
[EventRounds "9"]
[EventCountry "AUT"]
[SourceTitle "EXT 2020"]
[Source "ChessBase"]
[SourceDate "2019.10.17"]
[SourceVersion "1"]
[SourceVersionDate "2019.10.17"]
[SourceQuality "1"]

1. Nf3 Nf6 2. g3 d5 3. d4 c6 4. Bg2 Bg4 5. 0-0 Nbd7 6. c4 e6 7. h3 Bh5 8. Qb3 Qb6 9. g4 Bg6 10. cxd5 Qxb3 11. axb3 exd5 12. Bf4 Be7 13. Nh4 Bc2 14. Nf5 Bxf5 15. gxf5 0-0 16. Nc3 Nb6 17. e3 a6 18. Rfd1 Rac8 19. Rac1 Rfd8 20. Kf1 h6 21. Bf3 Ne8 22. Bg4 Nd7 23. Na4 Nef6 24. Be2 Bf8 25. Rc2 Ne4 26. f3 Nef6 27. Rdc1 Re8 28. Kf2 Nh5 29. Bh2 Be7 30. e4 Bg5 31. Rh1 dxe4 32. fxe4 Nhf6 33. e5 Nd5 34. Bg1 c5 35. e6 fxe6 36. fxe6 N7f6 37. Nxc5 b6 38. Bxa6 Rc7 39. Bb5 Rf8 40. Bh2 Ng4+ 41. Ke2 Rf2+ 42. Kd3 Nb4+ 43. Ke4 Nf6+ 44. Ke5 Rxc2 45. Nd7 Nc6+ 46. Kd6 Nxd4 47. Bc4 Rc6+ 48. Ke5 Nf3+ 49. Kf5 g6+ 50. Kxg6 Nh4# 0-1

[Event "Bruges Masters"]
[Site "Bruges"]
[Date "2019.08.15"]
[Round "9"]
[White "Pel, Bonno"]
[Black "Du, Chunhui"]
[Result "1/2-1/2"]
[WhiteElo "2255"]
[BlackElo "2137"]
[PlyCount "40"]
[EventDate "2019.08.11"]
[EventType "swiss"]
[EventRounds "9"]
[EventCountry "BEL"]
[SourceTitle "CBM 191 Extra"]
[Source "ChessBase"]
[SourceDate "2019.09.30"]
[SourceVersion "1"]
[SourceVersionDate "2019.09.30"]
[SourceQuality "1"]

1. g3 Nf6 2. Bg2 c6 3. e4 e5 4. d3 d5 5. Nc3 dxe4 6. dxe4 Bb4 7. Qxd8+ Kxd8 8. Bd2 Bd6 9. 0-0-0 Kc7 10. f4 Nfd7 11. Nf3 f6 12. Be3 Nb6 13. b3 Bg4 14. h3 Bxf3 15. Bxf3 N8d7 16. Rd2 Bc5 17. Nd1 a5 18. c3 Rhe8 19. f5 Rad8 20. Re1 a4 1/2-1/2

[Event "CHN-chB"]
[Site "Jiangmen"]
[Date "2018.07.20"]
[Round "6"]
[White "Chen, Qi B"]
[Black "Du, Chunhui"]
[Result "1/2-1/2"]
[WhiteElo "2412"]
[BlackElo "1987"]
[PlyCount "39"]
[EventDate "2018.07.18"]
[EventType "swiss"]
[EventRounds "11"]
[EventCountry "CHN"]
[SourceTitle "CBM 185 Extra"]
[Source "ChessBase"]
[SourceDate "2018.07.29"]
[SourceVersion "1"]
[SourceVersionDate "2018.07.29"]
[SourceQuality "1"]

1. e4 e5 2. Nf3 Nc6 3. Bb5 Nf6 4. d3 Bc5 5. Bxc6 dxc6 6. Nbd2 Nd7 7. Qe2 Qe7 8. Nc4 f6 9. Be3 Nf8 10. c3 Be6 11. Na5 Bb6 12. Nb3 Ng6 13. 0-0 0-0 14. Rad1 Rfe8 15. h3 a5 16. Nc1 c5 17. Qc2 Rad8 18. d4 cxd4 19. cxd4 exd4 20. Bxd4 1/2-1/2

[Event "CHN-chB"]
[Site "Jiangmen"]
[Date "2018.07.19"]
[Round "3"]
[White "Du, Chunhui"]
[Black "Li, Bo"]
[Result "1-0"]
[WhiteElo "1987"]
[BlackElo "2361"]
[PlyCount "123"]
[EventDate "2018.07.18"]
[EventType "swiss"]
[EventRounds "11"]
[EventCountry "CHN"]
[SourceTitle "CBM 185 Extra"]
[Source "ChessBase"]
[SourceDate "2018.07.29"]
[SourceVersion "1"]
[SourceVersionDate "2018.07.29"]
[SourceQuality "1"]

1. d4 Nf6 2. c4 e6 3. Nf3 Bb4+ 4. Bd2 Qe7 5. Qc2 Bxd2+ 6. Nbxd2 d6 7. Rc1 0-0 8. e4 e5 9. d5 b6 10. b4 a5 11. a3 axb4 12. axb4 c5 13. b5 Bg4 14. Be2 Nh5 15. h3 Bc8 16. g3 g6 17. Kf1 f5 18. Kg2 fxe4 19. Nxe4 Bf5 20. Nfd2 Nf6 21. Ra1 Nbd7 22. Bd3 Bxe4+ 23. Bxe4 Qf7 24. Nf3 Nxe4 25. Qxe4 Nf6 26. Qe3 Qd7 27. Ng5 Ra7 28. Rxa7 Qxa7 29. Ne6 Ra8 30. Re1 Qf7 31. Re2 Nd7 32. Qb3 Nf8 33. Ng5 Qf5 34. Ne4 Rd8 35. Qa2 h5 36. Qa7 Nh7 37. h4 Rf8 38. Qa3 Qd7 39. Qd3 Ra8 40. Re3 Kg7 41. Qc2 Qf5 42. Rf3 Qd7 43. Qd2 Rf8 44. Rxf8 Nxf8 45. Qa2 Nh7 46. Qa8 Nf6 47. Nxf6 Kxf6 48. Qf8+ Qf7 49. Qxd6+ Kf5 50. f3 g5 51. hxg5 Kxg5 52. Qxe5+ Kg6 53. Qe6+ Qxe6 54. dxe6 Kf6 55. g4 hxg4 56. fxg4 Kxe6 57. Kf3 Ke5 58. Ke3 Kf6 59. Kf4 Kg6 60. Ke5 Kg5 61. Kd6 Kxg4 62. Kc6 1-0